[Event "GER-chT U12"]
[Site "Verden"]
[Date "2014.12.29"]
[Round "6.1"]
[White "Heckmann, Till"]
[Black "Kopylov, Daniel"]
[Result "0-1"]
[WhiteElo "1530"]
[BlackElo "1901"]
[PlyCount "92"]
[EventDate "2014.12.27"]
[EventType "team-swiss"]
[EventRounds "7"]
[EventCountry "GER"]
[SourceTitle "EXT 2016"]
[Source "ChessBase"]
[SourceDate "2015.10.08"]
[SourceVersion "1"]
[SourceVersionDate "2015.10.08"]
[SourceQuality "1"]
[WhiteTeam "Berlin Empor"]
[BlackTeam "Harksheide"]
[WhiteTeamCountry "GER"]
[BlackTeamCountry "GER"]

1. e4 c5 2. Nc3 g6 3. g3 Bg7 4. Bg2 Nc6 5. d3 d6 6. f4 e6 7. Nf3 Nge7 8. 0-0 0-0 9. Be3 Nd4 10. Bf2 Bd7 11. Nxd4 Bxd4 12. Bxd4 cxd4 13. Ne2 Qb6 14. Rb1 d5 15. Kh1 dxe4 16. dxe4 Bb5 17. Rf3 Rad8 18. Nc1 Bc6 19. Rb3 Qc7 20. Ra3 a6 21. Ne2 Qb6 22. Qg1 Qb4 23. Rd3 f5 24. Rxd4 Qa5 25. Nc3 fxe4 26. Bxe4 Nd5 27. Nxd5 Rxd5 28. Rxd5 exd5 29. Bg2 Qxa2 30. Rd1 Qxb2 31. Bxd5+ Bxd5+ 32. Rxd5 Qxc2 33. Qd1 Qxd1+ 34. Rxd1 Rb8 35. Kg2 b5 36. Kf2 a5 37. Ke2 Rb7 38. Ra1 a4 39. Kd2 Kf7 40. Kc3 b4+ 41. Kc4 a3 42. Kb3 Ke6 43. Re1+ Kd5 44. Rc1 Kd4 45. Rc2 Kd3 46. h3 Ke3 0-1

[Event "GER-chT North U12"]
[Site "Magdeburg"]
[Date "2014.09.14"]
[Round "7.1"]
[White "Mimkes, Pavel"]
[Black "Heckmann, Till"]
[Result "1-0"]
[WhiteElo "1212"]
[BlackElo "1560"]
[PlyCount "113"]
[EventDate "2014.09.11"]
[EventType "team-swiss"]
[EventRounds "7"]
[EventCountry "GER"]
[SourceTitle "EXT 2016"]
[Source "ChessBase"]
[SourceDate "2015.10.08"]
[SourceVersion "1"]
[SourceVersionDate "2015.10.08"]
[SourceQuality "1"]
[WhiteTeam "Gottingen Rochade"]
[BlackTeam "Berlin Empor"]
[WhiteTeamCountry "GER"]
[BlackTeamCountry "GER"]

1. d4 Nf6 2. Nf3 g6 3. Bg5 Bg7 4. e3 d6 5. Bd3 0-0 6. 0-0 Nc6 7. c3 e5 8. dxe5 dxe5 9. Bb5 Qxd1 10. Rxd1 Bg4 11. Nbd2 Bxf3 12. Nxf3 e4 13. Bxc6 bxc6 14. Nd4 Rab8 15. b3 Rb6 16. Ne2 Nd5 17. Rac1 f5 18. Bf4 Nxf4 19. Nxf4 Be5 20. Ne6 Re8 21. Nc5 Rb5 22. Nd7 Rd5 23. c4 Rd6 24. Rxd6 cxd6 25. Rd1 Kf7 26. Nxe5+ dxe5 27. Rd7+ Re7 28. Rxe7+ Kxe7 29. Kf1 Kd6 30. b4 Kc7 31. Ke2 Kb6 32. Kd2 h5 33. h4 a6 34. Kc3 c5 35. a3 a5 36. Kb3 axb4 37. axb4 cxb4 38. Kxb4 f4 39. c5+ Kc6 40. Kc4 f3 41. g3 Kd7 42. Kd5 Kc7 43. Kxe5 Kc6 44. Kxe4 Kxc5 45. Kxf3 Kd5 46. Kf4 Ke6 47. Kg5 Kf7 48. e4 Kg7 49. f4 Kh7 50. Kf6 Kh6 51. e5 g5 52. e6 gxh4 53. gxh4 Kh7 54. e7 Kh6 55. e8Q Kh7 56. Qg6+ Kh8 57. Qg7# 1-0

[Event "GER-chT North U14"]
[Site "Magdeburg"]
[Date "2013.09.12"]
[Round "1.3"]
[White "Brockmeyer, Tobias"]
[Black "Heckmann, Till"]
[Result "0-1"]
[WhiteElo "1000"]
[BlackElo "1421"]
[PlyCount "100"]
[EventDate "2013.09.12"]
[EventType "team-swiss"]
[EventRounds "7"]
[EventCountry "GER"]
[SourceTitle "EXT 2014"]
[Source "ChessBase"]
[SourceDate "2013.11.20"]
[SourceVersion "1"]
[SourceVersionDate "2013.11.20"]
[SourceQuality "1"]
[WhiteTeam "Lehrte"]
[BlackTeam "Berlin Empor"]
[WhiteTeamCountry "GER"]
[BlackTeamCountry "GER"]

1. d4 d5 2. c4 c6 3. Nc3 Nf6 4. e3 g6 5. Bd3 Bg7 6. b3 0-0 7. Bb2 b6 8. Nge2 Bb7 9. Qc2 Na6 10. a3 Rc8 11. 0-0 e6 12. f3 c5 13. Nb5 Ra8 14. Rac1 Nc7 15. Nbc3 Rc8 16. Rfd1 a6 17. Na4 Na8 18. Qd2 Qd7 19. Rc2 dxc4 20. bxc4 Qxa4 21. Nc3 Qc6 22. Rb1 Rfd8 23. Ne4 Nxe4 24. Bxe4 Qc7 25. d5 Bxb2 26. Rcxb2 f5 27. Bc2 exd5 28. cxd5 Rxd5 29. Qc3 Qe5 30. Qc4 b5 31. Qa2 Qxe3+ 32. Kh1 c4 33. a4 Re8 34. h3 Nc7 35. axb5 axb5 36. Qa5 Qc5 37. Re1 Rxe1+ 38. Qxe1 Re5 39. Qd1 Qd5 40. Qa1 Re8 41. Qa5 Qe5 42. Qb6 Qxb2 43. Qxc7 Qxc2 44. Qxb7 Qd1+ 45. Kh2 Qd6+ 46. Kg1 Re1+ 47. Kf2 Qd2+ 48. Kg3 f4+ 49. Kg4 h5+ 50. Kh4 Qd8+ 0-1

[Event "GER-ch U10"]
[Site "Oberhof"]
[Date "2013.05.22"]
[Round "6"]
[White "Heckmann, Till"]
[Black "Zyla, Lennert"]
[Result "1-0"]
[WhiteElo "1517"]
[BlackElo "1291"]
[PlyCount "135"]
[EventDate "2013.05.19"]
[EventType "swiss"]
[EventRounds "11"]
[EventCountry "GER"]
[SourceTitle "CBM 154 Extra"]
[Source "ChessBase"]
[SourceDate "2013.06.25"]
[SourceVersion "2"]
[SourceVersionDate "2013.06.25"]
[SourceQuality "1"]

1. e4 g6 2. Nc3 Bg7 3. d4 c6 4. Nf3 d5 5. h3 dxe4 6. Nxe4 Nd7 7. Bd3 Ngf6 8. 0-0 0-0 9. c3 Nxe4 10. Bxe4 Nf6 11. Bc2 b6 12. Bg5 h6 13. Be3 Bb7 14. Qd2 Kh7 15. Ne5 Nd5 16. f4 Nxe3 17. Qxe3 Bxe5 18. fxe5 c5 19. Qd3 Qd5 20. Rf2 c4 21. Qg3 Qe6 22. Raf1 Bd5 23. h4 h5 24. Qg5 Rae8 25. Qxh5+ Kg7 26. Qg5 Kh7 27. h5 Kg7 28. hxg6 f6 29. exf6+ exf6 30. Qh4 Rh8 31. Qxf6+ Qxf6 32. Rxf6 Re2 33. R6f2 Re7 34. Rf5 Be6 35. Re5 Rhe8 36. Rfe1 Kf6 37. d5 Bd7 38. Rxe7 Rxe7 39. Rxe7 Kxe7 40. Kf2 Be8 41. Ke3 Kd6 42. g7 Bf7 43. Bh7 Kxd5 44. g8Q Bxg8 45. Bxg8+ Kc5 46. Bf7 b5 47. g4 Kd6 48. g5 Ke5 49. g6 Kf6 50. Kd4 a6 51. Kc5 Kg7 52. Kb6 Kf8 53. Kxa6 Kg7 54. Kxb5 Kf6 55. a4 Ke7 56. a5 Kf8 57. a6 Kg7 58. a7 Kh8 59. a8Q+ Kg7 60. Qg8+ Kf6 61. Kc5 Ke7 62. Kc6 Kf6 63. Kd6 Kf5 64. Be6+ Kf6 65. Qf7+ Kg5 66. Ke5 Kh6 67. Kf5 Kh5 68. Qh7# 1-0

[Event "GER-ch U10"]
[Site "Oberhof"]
[Date "2013.05.21"]
[Round "5"]
[White "Helmer, Jan"]
[Black "Heckmann, Till"]
[Result "1/2-1/2"]
[WhiteElo "1570"]
[BlackElo "1517"]
[PlyCount "88"]
[EventDate "2013.05.19"]
[EventType "swiss"]
[EventRounds "11"]
[EventCountry "GER"]
[SourceTitle "CBM 154 Extra"]
[Source "ChessBase"]
[SourceDate "2013.06.25"]
[SourceVersion "2"]
[SourceVersionDate "2013.06.25"]
[SourceQuality "1"]

1. d4 d5 2. c4 c6 3. Nc3 Nf6 4. Nf3 Nbd7 5. Bf4 e6 6. e3 Be7 7. h3 0-0 8. Be2 b6 9. cxd5 exd5 10. 0-0 Bb7 11. Rc1 Rc8 12. Bd3 c5 13. Qe2 c4 14. Bb1 a6 15. a4 Bb4 16. Qc2 Bxc3 17. bxc3 g6 18. Bh6 Re8 19. Qe2 Ne4 20. Bxe4 Rxe4 21. g3 f5 22. h4 Rc6 23. Ng5 Re8 24. Nh3 Nf6 25. Bg5 Qd6 26. Nf4 Ne4 27. Bh6 Rcc8 28. Kg2 Qa3 29. f3 Nxc3 30. Qc2 Rxe3 31. Rf2 Nxa4 32. Rd1 Ree8 33. h5 Kf7 34. Rh1 Qb3 35. Qc1 Qc3 36. Qd1 Nb2 37. Qa1 Qxd4 38. Qxb2 Qxb2 39. Rxb2 b5 40. Bg5 c3 41. Rc2 Kg7 42. hxg6 hxg6 43. Rh6 Rc6 44. Nxd5 Rc5 1/2-1/2

[Event "GER-ch U10"]
[Site "Oberhof"]
[Date "2012.05.29"]
[Round "5"]
[White "Heckmann, Till"]
[Black "Schmidtmann, Samantha"]
[Result "1/2-1/2"]
[WhiteElo "1282"]
[BlackElo "1109"]
[PlyCount "91"]
[EventDate "2012.05.27"]
[EventType "swiss"]
[EventRounds "11"]
[EventCountry "GER"]
[SourceTitle "CBM 148 Extra"]
[Source "ChessBase"]
[SourceDate "2012.06.22"]
[SourceVersion "1"]
[SourceVersionDate "2012.06.22"]
[SourceQuality "1"]

1. e4 c5 2. Nc3 Nc6 3. g3 g6 4. Bg2 Bg7 5. f4 d6 6. Nf3 e6 7. d3 Nge7 8. 0-0 0-0 9. Be3 Rb8 10. Qd2 b5 11. Rae1 a5 12. Nh4 b4 13. Nd1 Bd7 14. Rf2 Qc7 15. Ref1 f5 16. Nf3 a4 17. Ng5 h6 18. Nf3 Kh7 19. Qc1 Qb7 20. Nd2 Qc7 21. Re2 Nd4 22. Bxd4 Bxd4+ 23. Kh1 Bg7 24. Rfe1 e5 25. fxe5 dxe5 26. Nf3 fxe4 27. dxe4 Nc6 28. Rf2 Nd4 29. Nxd4 cxd4 30. Ref1 b3 31. Rxf8 Rxf8 32. axb3 axb3 33. c3 dxc3 34. Nxc3 Qc8 35. Rxf8 Bxf8 36. Qf1 Be6 37. Qf2 Bg7 38. Qa7 Kh8 39. Qe3 Qd8 40. Bf1 Qf8 41. Bb5 Qa8 42. Ba4 Qa6 43. Qf2 Qc4 44. Kg2 Qd4 45. Be8 Bh3+ 46. Kg1 1/2-1/2

[Event "GER-ch U10"]
[Site "Oberhof"]
[Date "2012.05.29"]
[Round "6"]
[White "Huber, Benedikt"]
[Black "Heckmann, Till"]
[Result "1/2-1/2"]
[WhiteElo "1121"]
[BlackElo "1282"]
[PlyCount "62"]
[EventDate "2012.05.27"]
[EventType "swiss"]
[EventRounds "11"]
[EventCountry "GER"]
[SourceTitle "CBM 148 Extra"]
[Source "ChessBase"]
[SourceDate "2012.06.22"]
[SourceVersion "1"]
[SourceVersionDate "2012.06.22"]
[SourceQuality "1"]

1. d4 c5 2. Nf3 cxd4 3. Nxd4 Nf6 4. c4 a6 5. Nc3 e6 6. Bg5 Bc5 7. Nf3 Nc6 8. e3 0-0 9. a3 Be7 10. Be2 Qc7 11. 0-0 b6 12. e4 e5 13. Nd5 Nxd5 14. Qxd5 Bxg5 15. Nxg5 Bb7 16. Qd3 Nd4 17. Bg4 h6 18. Nf3 Nxf3+ 19. Bxf3 Rfd8 20. Rfd1 Rac8 21. Rac1 b5 22. b3 Qb6 23. Rb1 d6 24. Bg4 Rc7 25. Rd2 Bc8 26. Bf3 Be6 27. Be2 Rb7 28. Rdd1 Rdd7 29. Qc2 Qc7 30. h3 d5 31. exd5 Bxd5 1/2-1/2

[Event "GER-ch U10"]
[Site "Oberhof"]
[Date "2011.06.18"]
[Round "11"]
[White "Schneider, Jana"]
[Black "Heckmann, Till"]
[Result "1-0"]
[WhiteElo "1347"]
[BlackElo "1157"]
[PlyCount "131"]
[EventDate "2011.06.11"]
[EventType "swiss"]
[EventRounds "11"]
[EventCountry "GER"]
[SourceTitle "CBM 142 Extra"]
[Source "ChessBase"]
[SourceDate "2011.06.27"]
[SourceVersion "1"]
[SourceVersionDate "2011.06.27"]
[SourceQuality "1"]

1. e4 e5 2. Nf3 Nc6 3. d4 exd4 4. Nxd4 Bc5 5. Be3 Qf6 6. c3 Nge7 7. Qd2 0-0 8. Nb5 Bxe3 9. Qxe3 Qe5 10. Bc4 a6 11. f4 Qh5 12. Nxc7 Rb8 13. Nd2 d6 14. Be2 Qg6 15. 0-0-0 Qh6 16. Nc4 Rd8 17. f5 Qxe3+ 18. Nxe3 Rd7 19. Ncd5 Nxd5 20. Nxd5 b5 21. f6 g6 22. Bg4 Rd8 23. Bxc8 Rbxc8 24. Rhe1 Re8 25. Kb1 h5 26. Rc1 a5 27. c4 b4 28. c5 Rcd8 29. cxd6 Rxd6 30. Rcd1 Kh7 31. Kc2 Kh6 32. Kb3 Ne5 33. Nc7 Rxd1 34. Rxd1 Rc8 35. Rd5 Ng4 36. Na6 Nxf6 37. Rxa5 Ra8 38. Kxb4 Nxe4 39. Nc7 Rc8 40. Ra7 Nf2 41. Nb5 f5 42. Rc7 Rd8 43. Rc6 Rd2 44. Kb3 Rd1 45. Nd6 Kg5 46. Nf7+ Kf4 47. Rxg6 Rb1 48. g3+ Kf3 49. Rg5 Kg2 50. Rxh5 Rh1 51. Nd6 Ng4 52. h3 Nf6 53. Rxf5 Rxh3 54. Rxf6 Rxg3+ 55. Kb4 Rg4+ 56. Nc4 Rg5 57. a4 Rg8 58. Nb6 Rg4+ 59. Ka3 Rg3+ 60. b3 Rh3 61. a5 Rh7 62. Ka4 Ra7 63. Nd5 Kg3 64. a6 Kg4 65. Ka5 Kg5 66. Kb6 1-0